| 000 | 00583nam a22001697a 4500 | ||
|---|---|---|---|
| 999 |
_c17881 _d17881 |
||
| 003 | AR-CdUCM | ||
| 008 | 190510b ||||| |||| 00| 0 spa d | ||
| 040 |
_aMUNICIPALIDAD PROVINCIAL DEL CUSCO _cBIBLIOTECA MUNICIPAL DEL CUSCO |
||
| 082 |
_a891.32 / _bP75 |
||
| 100 |
_aPolevoi, Boris _99952 |
||
| 245 | _aNosotros somos hombres sovieticos Pan Tiujin y Pab Teleev el zapador Nikolai Jaritonov / | ||
| 260 |
_bLa confianza, _c1974. |
||
| 300 |
_a126 páginas ; _c17 cm. |
||
| 505 | _aBoris Palevoi -- Valentina Zhuravliova -- A y B Strugatski | ||
| 942 |
_2ddc _cLIBROS |
||
| 945 | _awfj | ||